Statistics for General True or False?

Click here to take the quiz!

General Stats

  • This quiz has been taken 142 times
    (118 since last reset)
  • The average score is 10 of 15

Answer Stats

HintAnswer% Correct
The capital of Australia is Canberra.True
82%
A male canary tends to have a better singing voice than a female canary.True
82%
A baby whale is also called a calf.True
81%
Euro is the official currency in the United Kingdom.False
80%
Black is the most commonly used colour in all national flags around the world.False
79%
Idina Menzel sings 'let it go' 21 times in 'Let It Go' from Frozen.True
78%
The first product with a bar code was chewing gum.True
72%
28 is a perfect number.True
70%
The Beatles is a famous rock band from Manchester, the United Kingdom.False
69%
The first country in the world to use postcards was the United States of America.False
65%
Dogs have an appendix.False
53%
Tea contains more caffeine than coffee and soda.False
49%
Lungs are the largest internal organ in the human body.False
47%
Mice have more bones than humans.True
45%
The atomic number for lithium is 17.False
44%

Score Distribution

Percentile by Number Answered

Percent of People with Each Score

Your Score History

You have not taken this quiz since the last reset